[Event "Platonov Memorial"]
[Site "Kiev"]
[Date "1995.??.??"]
[Round "3"]
[White "Golubev, Mikhail"]
[Black "Koutsin, Sergey"]
[Result "1/2-1/2"]
[WhiteElo "2525"]
[BlackElo "2455"]
[Annotator "Hecht,H"]
[PlyCount "93"]
[EventDate "1995.??.??"]
[EventType "tourn"]
[EventRounds "13"]
[EventCountry "UKR"]
[EventCategory "10"]
[SourceTitle "CBM 051"]
[Source "ChessBase"]
[SourceDate "1996.04.01"]
[SourceVersion "1"]
[SourceVersionDate "1996.04.01"]
[SourceQuality "1"]

1. e4 e6 2. d4 d5 3. Nc3 Bb4 4. e5 c5 5. a3 Bxc3+ 6. bxc3 Qa5 7. Bd2 Qa4 8. Qb1
c4 9. g3 Nc6 10. Bg2 Bd7 11. Nh3 O-O-O 12. Nf4 f5 13. h4 g6 14. Bh3 Rf8 15. Qc1
Nce7 16. Rb1 Rf7 17. Rb4 Qa6 18. a4 Nc6 19. Rb1 Qxa4 20. Qb2 Qa6 21. Ra1 Qb6
22. Qxb6 axb6 23. Ra8+ Kc7 24. Bg2 Nce7 25. Ke2 Kc6 26. Bc1 Nc8 27. h5 gxh5 28.
Rxh5 h6 29. Ba3 Rhh7 30. Bxd5+ exd5 31. e6 Re7 32. Bxe7 Rxe7 33. Rxf5 Bxe6 34.
Nxe6 Rxe6+ 35. Re5 Rxe5+ 36. dxe5 {T-SS: Freibauernrennen} Nge7 37. g4 Kc7 38.
f4 Nc6 39. Ke3 b5 40. e6 d4+ 41. cxd4 b4 42. d5 N6e7 43. Kd4 b3 44. cxb3 cxb3
45. Ra3 Kd6 46. Rxb3 Nxd5 47. f5 1/2-1/2

[Event "EU-Cup 07th round of 32"]
[Site "Brussels"]
[Date "1989.??.??"]
[Round "1.1"]
[White "Arnason, Jon Loftur"]
[Black "Timman, Jan H"]
[Result "0-1"]
[WhiteElo "2550"]
[BlackElo "2610"]
[Annotator "Huebner,R"]
[PlyCount "66"]
[EventDate "1989.04.??"]
[EventType "team-match"]
[EventRounds "2"]
[EventCountry "BEL"]
[SourceTitle "EXT 2020"]
[Source "ChessBase"]
[SourceDate "2019.10.17"]
[SourceVersion "1"]
[SourceVersionDate "2019.10.17"]
[SourceQuality "1"]
[WhiteTeam "Reykjavikur Taflfelag"]
[BlackTeam "Anderlecht Brussels"]
[WhiteTeamCountry "ISL"]
[BlackTeamCountry "BEL"]

1. e4 e6 2. d4 d5 3. Nc3 Bb4 4. e5 c5 5. a3 Bxc3+ 6. bxc3 Ne7 7. Qg4 Qc7 8.
Qxg7 Rg8 9. Qxh7 cxd4 10. Ne2 Nbc6 11. f4 dxc3 12. Qd3 Bd7 13. Nxc3 a6 14. Rb1
Rc8 15. Ne2 Na7 16. Qb3 Bb5 17. Nd4 Bxf1 18. Kxf1 Nac6 19. Nxc6 Qxc6 20. Rb2
Nf5 21. Qd3 Rxg2 22. Kxg2 d4+ 23. Kg1 Ke7 24. Qf1 Qe4 {^D} 25. h3 (25. Kf2 Rc3
26. Qg2 Rxc2+ $18 {Timman}) (25. c4 Ne3 $1 (25... dxc3 26. Re2 Qd4+ 27. Qf2 $10
) (25... d3 26. h3 $1 $10) 26. Bxe3 Qxe3+ $19 {Timman} 27. Rf2 {Hübner} (27.
Qf2 Rg8+ 28. Kf1 Qc1+ $19 {Timman}) 27... Rg8+ 28. Qg2 Rxg2+ (28... Qc1+ 29.
Rf1 Rxg2+ 30. Kxg2 Qxc4 31. h4 {Der Vormarsch dieses Bauern sichert Weiß
beachtliche Gegenchancen. Hübner}) 29. Kxg2 Qe4+ 30. Rf3 d3 31. Kg3 {/\ 32.
Rff1 Weiß kann sich noch wehren. Hübner}) 25... Nh4 26. Rh2 Nf3+ 27. Kh1 Rg8
28. Rf2 Nd2+ 29. Qg2 Rxg2 30. Rxg2 Nf3 31. Rf2 Qe1+ 32. Kg2 Nh4+ 33. Kg3 Qg1+
0-1

[Event "EU-Cup 23rd"]
[Site "Kemer"]
[Date "2007.10.08"]
[Round "6.5"]
[White "Huschenbeth, Niclas"]
[Black "Farago, Ivan"]
[Result "1-0"]
[WhiteElo "2318"]
[BlackElo "2504"]
[Annotator "Huschenbeth,N"]
[PlyCount "69"]
[EventDate "2007.10.03"]
[EventType "team-swiss"]
[EventRounds "7"]
[EventCountry "TUR"]
[SourceTitle "CBM 121"]
[Source "ChessBase"]
[SourceDate "2007.11.14"]
[SourceVersion "1"]
[SourceVersionDate "2007.11.14"]
[SourceQuality "1"]
[WhiteTeam "Hamburger SK"]
[BlackTeam "Nagykanizsa"]
[WhiteTeamCountry "GER"]
[BlackTeamCountry "HUN"]

1. e4 e6 2. d4 d5 3. Nc3 Bb4 4. e5 c5 5. a3 Bxc3+ 6. bxc3 Ne7 7. Qg4 O-O 8. Bd3
Nbc6 9. Qh5 Ng6 10. Nf3 Qc7 (10... Bd7 $2 11. Ng5 h6 12. Nxf7 $18) 11. Be3 c4 (
11... Nce7 {ist die Alternative, die mein Gegner bisher immer gespielt hatte.}
12. h4 Bd7 13. Rb1 $5 {ist eine interessante Neuerung von Karjakin. Die Idee
ist es Bb5 zu verhindern, was nach 13. Qg4 zum Ausgleich führt (siehe Variante)
.} b6 (13... c4 14. Bxg6 fxg6 15. Qg4 Nf5 16. Bd2 Be8 17. Ng5 Qe7 18. Qh3 $40)
14. Qg4 f5 15. Qh3 cxd4 (15... h6 16. h5 Nh8 17. O-O cxd4 18. cxd4) 16. cxd4
Ba4 17. h5 Nh8 18. Bd2 Rac8 19. Qh4 Qd7 20. Rb2 $16 {1-0 Karjakin,S-Jussupow,A
Amsterdam 2006 (44)}) 12. Bxg6 fxg6 13. Qg4 Qf7 14. Ng5 Qe8 15. h4 h6 16. Nh3
Ne7 (16... a5 $6 17. Qe2 b5 18. h5 gxh5 19. Nf4 g6 20. Nxh5 $1 gxh5 21. Rxh5 {
1-0 Macieja,B-Vaisser,A Istanbul 2003} Ne7 22. Rxh6 Kg7 23. Bg5 Rf5 24. Qg4 $18
) 17. Qe2 Nf5 $6 $146 {Dadurch gewinnt Weiß eigentlich nur ein Tempo, da er eh
irgendwann g4 spielen möchte.} (17... a5 18. g4 b5 19. h5 gxh5 20. g5 $1 {
und Weiß öffnet mit einem thematischen Bauernopfer die Stellung am
Königsflügel.} hxg5 21. Nxg5 g6 22. Kd2 Rf5 23. Rag1 b4 24. Rxh5 $3 bxc3+ 25.
Kxc3 $1 gxh5 (25... Qa4 26. Bc1) 26. Ne4+ Kh7 27. Nf6+ Rxf6 28. exf6 Nf5 29.
Rg5 {mit starken Angriff für Weiß.}) 18. Nf4 (18. g4 $5 Nxh4 19. f4 Qe7 20. Ng1
Rf7 21. Qh2 g5 22. fxg5 hxg5 23. Qd2 Qf8 24. Qe2 Qe7 $13) 18... Bd7 19. h5 (19.
g4 Nxh4 20. Rxh4 g5) 19... g5 20. Ng6 Rf7 21. g4 $1 {Sonst könnte Schwarz im
nächsten Zug mittels Ne7 einfach den starken Springer auf g6 abtauschen.} Ne7
$2 (21... Nxe3 {muss geschehen, obwohl Weiß auch danach klar besser steht.} 22.
Qxe3 Ba4 23. Kd2 Qd7 24. Rhf1 (24. Raf1 Qb5 25. Kc1 Bxc2 $1 26. Kxc2 Qb3+ 27.
Kd2 Qb2+ 28. Ke1 Qb1+ 29. Ke2 Qc2+ 30. Qd2 Qe4+ $11) 24... Qb5 (24... b5 25. f4
gxf4 26. Rxf4 $16) 25. Rab1 Qa6 26. f4 $16) 22. f4 gxf4 (22... Nxg6 23. hxg6
Rf8 24. fxg5 hxg5 25. Rh8+ Kxh8 26. Qh2+ Kg8 27. Qh7#) 23. Nxf4 {Und nun wird
klar, dass der weiße Angriff am Königsflügel mittels g5 viel schneller und
gefährlicher sein wird als der schwarze mittels a5, b5 und b4. Trotzdem ist
das natürlich der einzige schwarze Versuch noch Gegenspiel zu erzeugen.} Qd8
24. Kd2 b5 25. Ng6 $1 {Der Springer steht hier sehr stark und darf nicht
abgetauscht werden, da sich dann nach g5 gleich die h-Linie öffnen würde.} a5
26. g5 b4 27. gxh6 bxc3+ 28. Kxc3 a4 29. Nxe7+ $1 (29. Rab1 Qa5+ 30. Rb4 Nc6 {
wollte ich lieber nicht machen, da mir das noch zu kompliziert war. Fritz
zeigt aber, dass das auch gewinnt:} 31. h7+ $1 Kxh7 32. h6 Nxb4 33. hxg7+ Kxg7
34. Rh7+ $1 Kxh7 35. Qh5+ Kg7 36. Qh6+ Kg8 37. Qh8#) 29... Rxe7 (29... Qxe7 30.
Qg4 Raf8 31. Rh3 Rf1 32. Bg5 Qf7 33. hxg7 Rf3+ 34. Be3 $18) 30. Rab1 {Und mit
einem Turm auf b4 steht der weiße König auf c3 nahezu vollkommen sicher.} Rf7
31. Rhg1 Kh7 32. Qg4 Qe7 33. Qg6+ Kh8 34. hxg7+ Kg8 (34... Rxg7 35. Qxg7+ Qxg7
36. Rxg7 Kxg7 37. Rb7 Rd8 38. Bg5 $18) 35. h6 1-0

[Event "Ubeda"]
[Site "Ubeda"]
[Date "1997.02.07"]
[Round "1"]
[White "Leko, Peter"]
[Black "Illescas Cordoba, Miguel"]
[Result "1/2-1/2"]
[WhiteElo "2600"]
[BlackElo "2635"]
[Annotator "Illescas Cordoba,M"]
[PlyCount "73"]
[EventDate "1997.02.07"]
[EventType "tourn"]
[EventRounds "11"]
[EventCountry "ESP"]
[EventCategory "16"]
[SourceTitle "CBM 058"]
[Source "ChessBase"]
[SourceDate "1997.06.01"]
[SourceVersion "1"]
[SourceVersionDate "1997.06.01"]
[SourceQuality "1"]

1. e4 e6 2. d4 d5 3. Nc3 Bb4 4. e5 Ne7 5. a3 Bxc3+ 6. bxc3 c5 7. Qg4 Kf8 8. h4
Qc7 9. Qd1 Bd7 $5 $146 (9... cxd4) 10. Bd2 (10. a4 cxd4 $17) 10... Ba4 11. Bd3
(11. Ra2 $5) 11... Nbc6 12. Nf3 c4 (12... f6 $5) 13. Be2 Ke8 $1 14. h5 h6 15.
Nh4 Kd7 16. f4 $11 {><c2} Rag8 $1 (16... Qd8 17. g4 Qg8 18. f5 Qh7 19. O-O $16)
17. Bg4 g5 $5 18. hxg6 Nxg6 (18... fxg6 19. Nf3 Nf5 20. Kf2 $13) 19. Kf2 (19.
Nxg6 $5 Rxg6 (19... fxg6 $5) 20. Bh3 Ne7 21. g4 $14) 19... Nxh4 20. Rxh4 Qd8 $1
21. g3 Ne7 $1 $132 22. Rc1 {><c2 /\Qh1} h5 $1 23. Rxh5 Rxh5 24. Bxh5 Nf5 $44
25. Bg4 $8 (25. Bxf7 $2 Rg7 26. Bh5 Nxg3 $19) 25... Rh8 26. Qg1 $8 Qg8 27. Bxf5
(27. Bf3 Rh3 28. g4 Nh4 29. Be2 Qh7 $40) 27... exf5 28. Qg2 Kc6 29. Rh1 $1 Bxc2
30. Rh4 $1 Bd3 (30... Rxh4 $142 31. gxh4 Qxg2+ 32. Kxg2 Bd1 {/\Kc6-b5-a4} 33.
h5 $8 (33. Kg3 Bh5 $19) 33... Bxh5 34. Kg3 $11) 31. Qh3 $11 Rxh4 32. gxh4 Kd7
33. h5 Qg4 34. Qxg4 fxg4 35. Kg3 Bf5 36. a4 b6 37. Bc1 1/2-1/2

[Event "RUS-CHN Summit Men 4th"]
[Site "Nizhnij Novgorod"]
[Date "2007.08.24"]
[Round "5"]
[White "Inarkiev, Ernesto"]
[Black "Zhang, Pengxiang"]
[Result "1-0"]
[WhiteElo "2650"]
[BlackElo "2649"]
[Annotator "Inarkiev,E"]
[PlyCount "63"]
[EventDate "2007.08.20"]
[EventType "schev"]
[EventRounds "10"]
[EventCountry "RUS"]
[SourceTitle "CBM 120"]
[Source "ChessBase"]
[SourceDate "2007.10.02"]
[SourceVersion "1"]
[SourceVersionDate "2007.10.02"]
[SourceQuality "1"]

{It was the last round of the 1st cycle. I had +1, the opponent 50 percent.
Dies war die letzte Runde des ersten Durchgangs. Ich hatte +1, der Gegner 50
Prozent.} 1. e4 e6 2. d4 d5 3. Nc3 Bb4 4. e5 c5 5. a3 Bxc3+ 6. bxc3 Qa5 7. Bd2
Qa4 {Zhang Pengxiang periodically uses this variation of the French Defense.
Black immediately creates pressure on White's weaknesses on the queenside,
limiting the activities of White pieces. Diese Variante der Französischen
Verteidigung wendet Zhang Pengxiang regelmäßig an. Schwarz drückt sofort auf
die gegnerischen Schwächen am Damenflügel und hemmt die Aktivität der weißen
Figuren.} 8. Nf3 ({The main line is Das Hauptabspiel ist} 8. Qb1) 8... Nc6 9.
Rb1 c4 {The threat of bishop b5 forces Black to release the pressure in the
centre. Die Drohung Lb5 zwingt Schwarz, den Druck im Zentrum aufzuheben.} 10.
Qc1 f6 {Here Black offered a draw. It is not easy to understand why. Hier bot
Schwarz remis an. Es ist nicht leicht zu verstehen warum.} 11. h4 fxe5 12. Nxe5
$146 {This move is a novelty. Dieser Zug ist eine Neuerung.} ({After Nach} 12.
dxe5 {it is much more difficult for White to protect the e5-pawn: ist es
wesentlich schwieriger für Weiß, den Bauern e5 zu decken:} Nge7 13. h5 h6 14.
Rh4 Qa5 15. Be2 Qc7 $13 16. Kf1 Bd7 17. Rg4 {1/2-1/2, Galkin,A-Ibragimov,I/
Sochi 2007 RUS-chT (club)}) 12... Nxe5 ({If Auf} 12... Nf6 {the most simple is
geschieht am einfachsten} 13. f3 {limiting the knight. And if , was den
Springer einschränkt. Und falls} Nxe5 14. dxe5 Nd7 {, then , so} 15. Be3 $1 $14
Nxe5 16. Bd4) 13. dxe5 Ne7 14. h5 O-O ({It's easy to understand, why Black
didn't want to play Es ist leicht zu verstehen, warum Schwarz nicht} 14... h6 {
as it gives White clear ideas for play on the kingside. Both Rh1-h3-g3, and
g2-g4-g5 are dangerous. Even so, it was necessary anyway to play this way...
wollte, denn dies gibt Weiß klare Ideen für Spiel am Königsflügel. Sowohl
Rh1-h3-g3 als auch g2-g4-g5 sind gefährlich. Wie dem auch sei, so hätte man
spielen müssen...}) 15. Be2 {The right plan, but an inaccurate move. It's easy
to see that White cannot attack immediately, and if the White king stays in
the centre, Black always will have counterchances with d5-d4, so White should
put the king in a safe place, and only after this, start any actions. Der
richtige Plan, aber ein ungenauer Zug. Es ist leicht zu sehen, dass Weiß nicht
sofort angreifen kann, und wenn sein König in der Mitte bleibt, wird Schwarz
immer Gegenchancen mit d5-d4 haben; daher sollte Weiß zuerst den König in
Sicherheit bringen und erst danach irgendwelche Aktionen einleiten.} ({White
should start with Richtig war zunächst} 15. h6 $1 {and only after und erst nach
} g6 16. Be2) 15... b6 16. O-O $6 (16. h6 $1 {is still strong. ist noch immer
stark.}) {While my opponent was thinking, I was trying to understand how will
I attack the kingside, and only here I clearly realized how good h5-h6 is for
White. Während mein Gegner nachdachte, versuchte ich zu verstehen, wie ich den
Königsflügel angreifen soll, und erst hier wurde mir richtig klar, wie gut
h5-h6 für Weiß ist.} 16... Bb7 $2 ({Black had to play Unumgänglich war} 16...
h6 $1) 17. h6 $1 Ng6 {Black lets White destroy the kingside, hoping to
compensate the strategical minuses by the activity of his pieces. Schwarz
lässt Weiß den Königsflügel aufreißen in der Hoffnung, die strategischen
Mängel durch die Aktivität seiner Figuren zu kompensieren.} ({After Nach} 17...
g6 18. Bg5 Rf7 19. Bg4 $16 {White has a clear advantage. hat Weiß klaren
Vorteil.}) 18. Bg4 Qc6 19. hxg7 Rf7 20. Bh3 {Protecting point g2, and removing
the bishop from a possible attack after Ng6xe5. Deckt den Punkt g2 und
entzieht den Läufer einem möglichen Angriff nach Sg6xe5.} Re8 $1 {An excellent
move, making the maximum difficulties for White. Ein ausgezeichneter Zug, der
Weiß die größtmöglichen Schwierigkeiten bereitet.} ({Just bad is einfach
schlecht ist} 20... Nxe5 $2 21. Qe1 $18) ({Not good either is Ebenfalls nicht
gut ist} 20... Rxg7 $6 21. Bh6 $1 Rf7 22. Qe3 $16 {Black has no activity any
more, but still has weaknesses in his position. Schwarz hat keine Aktivität
mehr, doch die Schwächen in seiner Stellung bleiben.}) {Now, Nxe5 is a threat,
and there's no simple way to protect the pawn. Nun ist Sxe5 eine Drohung, und
der Bauer ist nicht einfach zu decken.} 21. Be3 $1 ({A complicated position
results from Eine komplizierte Stellung entsteht nach} 21. Bh6 $6 Nxe5) ({
Even losing is Zum Verlust sogar führt} 21. Re1 $2 d4 $1 22. cxd4 Rf3 $1 $19) (
{White has only an edge after Nur ein leichtes Plus beschert Weiß} 21. Qe1 $6
Nf4 $1 22. Bxf4 Rxf4 {Without a dark-squared bishop, it is very difficult to
exploit the weakness of Black's kingside. Ohne schwarzfeldrigen Läufer ist es
sehr schwer, die Schwächen am schwarzen Königsflügel auszunutzen.}) 21... d4 $2
{After long thought Black goes for a combination. Obviously , White had to
foresee it. It is significant that Black had a difficult choice. Nach langem
Nachdenken startet Schwarz eine Kombination, die Weiß natürlich voraussehen
musste. Dabei stand Schwarz vor einer schwierigen Wahl.} ({Captures on g7 lead
to a clear advantage for White: Das Schlagen auf g7 führt zu klarem Vorteil
für Weiß:} 21... Kxg7 22. Re1 $1 $16 {(/\Bg5-f6)}) ({or oder} 21... Rxg7 22.
Bh6 Rf7 23. Re1 $16) (21... Nxe5 {doesn't help after hilft nichts nach} 22. f4
$1 ({but not aber nicht} 22. Bd4 Nf3+ $1 23. gxf3 e5 {and Black has a strong
attack. und Schwarz hat starken Angriff.}) 22... Ng6 23. Bd4 $16 {The bishop
is enormously powerful and it is almost impossible to build a defense. Der
Läufer ist extrem kraftvoll, und es ist fast unmöglich, eine Verteidigung zu
errichten.}) 22. cxd4 Nh4 23. f3 Nxf3+ {This is the point of 21...d4. Dies ist
die Pointe von 21...d4.} 24. Rxf3 $1 Rxf3 25. gxf3 Qxf3 {At the cost of a
knight, Black stripped White's king and activated the queen+bishop tandem. But
it's not enough. Um den Preis eines Springers hat Schwarz den weißen König
entblößt und das Dame-Läufer-Tandem aktiviert. Aber es reicht nicht.} 26. Kh2
$1 {The king is going away from the diagonal h1-a8, after which Black's bishop
does not help the queen any more.  Der König zieht aus der Diagonalen h1-a8,
wonach der schwarze Läufer der Dame nicht mehr helfen kann.} Qe2+ 27. Kg3 $1 c3
({The real danger for the White king could be if the rook takes part in the
attack. Playing 21.Be3, I was calculating Wirklich gefährlich könnte es für
den weißen König werden, wenn der Turm in den Angriff eingreift. Bei 21.Be3
rechnete ich mit} 27... Re7 {The most precise here is Am genauesten hier ist}
28. Kh4 $1 {threatening queen f1-f8. mit der Drohung Dame f1-f8.} ({Also
possible is Möglich ist auch} 28. Qd2 Rxg7+ 29. Kh4 Qf3 30. Qf2 Qe4+ 31. Qf4
$18 {and the checks finish. und die Schachs gehen zu Ende.}) 28... Rxg7 29. Qf1
$18 {and the threat of mate forces Black to exchange the queen. und die
Mattdrohung zwingt Schwarz, die Damen zu tauschen.}) 28. Kh4 $1 {Threatening
queen f1. The march of the king is the best way to realize the advantage.
Droht Df1. Der Königsmarsch ist der zwingendste Weg, den Vorteil zu
realisieren.} ({After Auch nach} 28. Qg1 Qxc2 29. Rf1 {White also has a
decisive advantage. But here Black still has some checks and the c-pawn. hat
Weiß entscheidenden Vorteil. Doch hier hat Schwarz noch ein paar Schachs und
den c-Bauern.}) 28... Bd5 29. Bh6 $1 {The last chord! Der Schlussakkord!} Qf2+
30. Kg5 Ba2 31. Ra1 Qxd4 32. Qf4 {Black resigned. Schwarz gab auf.} 1-0

[Event "Vaujany op 5th"]
[Site "Vaujany"]
[Date "2014.07.14"]
[Round "5.2"]
[White "Istratescu, Andrei"]
[Black "Ivanov, Sergey"]
[Result "0-1"]
[WhiteElo "2670"]
[BlackElo "2548"]
[Annotator "Istratescu,A"]
[PlyCount "60"]
[EventDate "2014.07.10"]
[EventType "swiss"]
[EventRounds "9"]
[EventCountry "FRA"]
[SourceTitle "EXT 2017"]
[Source "ChessBase"]
[SourceDate "2016.10.25"]
[SourceVersion "1"]
[SourceVersionDate "2016.10.25"]
[SourceQuality "1"]

1. e4 e6 2. d4 d5 3. Nc3 Bb4 4. e5 c5 5. a3 Bxc3+ 6. bxc3 Ne7 7. Qg4 O-O 8. Bd3
f5 9. exf6 Rxf6 10. Bg5 Rf7 11. Qh5 g6 12. Qd1 Nbc6 13. Nf3 Qa5 14. Bd2 (14.
Qd2 Nf5 15. Ne5 Nxe5 16. dxe5 Bd7 17. h4 c4 18. Bxf5 Rxf5 19. f4 h5 20. Ke2 Ba4
21. g4 hxg4 22. h5 Be8 23. hxg6 Bxg6 24. Rh6 Kf7 25. Rg1 Rg8 26. Rxg4 Qxa3 27.
Qe3 b6 28. Qh3 Qa4 29. Kf1 d4 30. cxd4 Qxc2 31. Rxg6 Qb1+ 32. Kg2 Qe4+ 33. Kf1
Qb1+ 34. Kg2 Qc2+ 35. Kf1 Qd1+ 36. Kg2 Qe2+ 37. Kg1 Qe1+ 38. Kg2 Qd2+ 39. Kf1
Qd1+ 40. Kg2 Rxg6 41. Qh7+ {1/2-1/2 (41) Robson,R (2613)-Naiditsch,A (2727)
Antalya 2013}) 14... c4 (14... Qc7 {Ivanchuk,V (2752)-Brynell,S (2484) EU-chT 
(Men) 15th 2005 (4.1) 1-0}) 15. Be2 Nf5 16. h4 Nd6 17. h5 $146 (17. Ng5 Rg7 {
Ernst,T (2480)-Giddins,S (2290) Arnold Cup Gausdal 1994 (1) 0-1}) 17... Ne4 18.
hxg6 hxg6 19. Kf1 (19. Rh4 Rh7 20. Rxh7 Kxh7 21. Kf1 {Shankland,S (2652)
-Timman,J (2593) Tata Steel-B 77th 2015 (4) 1/2}) 19... Bd7 20. Qc1 Qc7 21. Rh4
e5 22. dxe5 (22. Bxc4 $142 {[%csl Re4] Prenant un pion et activant la plus
mauvaise pièce des blancs}) 22... Nxe5 23. Bf4 Qb6 24. Qe3 (24. Be3 {car après
} Qf6 25. Rf4 ({et non pas} 25. Bd4 $2 Nxf3 $1 26. Bxf6 Ned2+ 27. Qxd2 Nxd2+
28. Ke1 Rxf6 29. Kxd2 Rxf2 30. Rah1 Raf8) 25... Qh8 {le coup oublié en se
décidant pour 22de5} 26. Rh4 Qf6) 24... Ng4 25. Qxb6 axb6 26. g3 Re8 {Un coup
très fort posant de gros problèmes aux blancs} 27. Ng5 Nd2+ 28. Ke1 Rfe7 29.
Be3 Nxe3 30. Kxd2 Nxc2 0-1

[Event "Las Palmas"]
[Site "Las Palmas"]
[Date "1993.??.??"]
[Round "2"]
[White "Morovic Fernandez, Ivan"]
[Black "Jussupow, Artur"]
[Result "0-1"]
[WhiteElo "2570"]
[BlackElo "2645"]
[Annotator "Jussupow,A"]
[PlyCount "72"]
[EventDate "1993.06.??"]
[EventType "tourn"]
[EventRounds "9"]
[EventCountry "ESP"]
[EventCategory "16"]
[SourceTitle "CBM 036"]
[Source "ChessBase"]
[SourceDate "1993.10.01"]
[SourceVersion "1"]
[SourceVersionDate "1993.10.01"]
[SourceQuality "1"]

1. e4 e6 2. d4 d5 3. Nc3 Bb4 4. e5 Ne7 5. a3 Bxc3+ 6. bxc3 c5 7. Qg4 O-O 8. Bd3
f5 9. exf6 Rxf6 10. Bg5 Rf7 11. Qh4 h6 12. Bxe7 (12. Nf3 Nbc6 (12... hxg5 {
-46/380})) 12... Qxe7 (12... Rxe7 13. Ne2 $5 {-46/(380)}) 13. Qg3 (13. Qxe7
Rxe7 14. O-O-O $5 {Kruppa - Savchenko, Kherson 1989}) 13... Nc6 14. Nf3 c4 (
14... Qf6 15. Rd1 Bd7 16. O-O {1/2-1/2 Kindermann - Uhlmann, Dortmund 1991})
15. Bg6 Rf6 16. O-O Bd7 17. Ne5 (17. Rfe1 Be8 18. Bxe8 Rxe8 19. Ne5 $10 {
Oll - Uhlmann, Debrecen 1989}) 17... Nxe5 $5 (17... Be8 $10) 18. dxe5 Rff8 19.
f4 Qc5+ $2 (19... Be8 $142 20. Bxe8 $140 Qc5+ $1 21. Qf2 Qxf2+ 22. Rxf2 Raxe8
$10) 20. Kh1 Be8 21. Rf3 Rd8 (21... Qe7 $14 {/\Bg6,Qf7}) 22. Qg4 $2 (22. f5
Bxg6 23. Qxg6 exf5 $13) (22. h4 $5) (22. Raf1) 22... Qe7 $10 23. Raf1 (23. f5
Bxg6 24. fxg6 Rxf3 25. gxf3 Rf8 $17) 23... Bxg6 24. Qxg6 Qf7 25. Qg3 d4 26.
cxd4 Rxd4 27. Qf2 Qd7 $1 28. h3 $2 (28. c3 $8 Rd3 (28... Rd2 29. Qxa7 Qd5 $44)
29. Qxa7 Rxf3 30. Rxf3 Qd1+ 31. Qg1 Qxg1+ 32. Kxg1 Ra8 33. g4 $10) (28. f5 $2
Rxf5 29. Rxf5 exf5 30. e6 Qd5 31. e7 Re4 $19) 28... Rd2 $17 29. Qxa7 Rxc2 30.
Kh2 Qd5 {/\Rf4} 31. Rg3 {/\Rb1} Rb2 32. Qg1 $6 $138 {/\Rd1} Rd2 $1 33. Qb6 Rf7
34. a4 (34. Rg6 Qd3 $1 $19 (34... Kh7 35. Qxe6 Rxg2+ 36. Kh1 $1)) 34... c3 $19
35. Qb5 Qxb5 36. axb5 Rc7 $1 $138 {Yusupov} (36... c2 $2 37. Rc3 Rd1 38. Rg1 $1
) (36... Rc7 37. Rc1 c2 38. Ra3 g5 $19 (38... Rd1 39. Raa1 Rxc1 40. Rxc1 g5 $19
)) 0-1